| 000 | 00692nam a22001697a 4500 | ||
|---|---|---|---|
| 005 | 20240917144617.0 | ||
| 010 | _a07/24,CHHN | ||
| 020 |
_a9789395310246 _c120.00 |
||
| 037 | _aहिन्दी बुक सेंटर | ||
| 082 | _aक | ||
| 100 |
_aसोना भट्ट _971720 |
||
| 245 |
_aरोग मुक्त शरीर / _cसोना भट्ट |
||
| 260 |
_aनई दिल्ली _bहिन्दी बुक सेंटर _c2022 |
||
| 270 |
_a4/5बी, आसफ अली रोड _bनई दिल्ली _e110002 |
||
| 300 |
_a40पृ. _bसचित्र _c24सेमी(अजिल्द) |
||
| 942 |
_2ddc _cCH _mभट्टसो _hक |
||
| 999 |
_c205815 _d205815 |
||